03489nam a2200445 4500003000400000005001700004008004100021020001800062040000700080245013000087260004000217300001900257310001400276362001700290505009200307505009700399505012200496505016300618505012700781505016700908505014801075505010801223505007801331505012901409505016001538505025401698505019001952505013602142505015002278505010202428505007102530505010502601505014602706650002102852650002902873700002802902700003802930700003902968700003603007OSt20260422111313.0190228c xxuf||p| |||| 00| 0 spa d a9789873047527 cPJ10aRevista de derecho procesal :bA diez años de la sanción del Código Civil y Comercial /ceditor Roland Arazi...[et al.] aSanta Fe:bRubinzal-Culzoni,c2025. a634 p.c23 cm. asemestral aNo. 1 (2023) tLa constitucionalización del derecho privado y el derecho procesal /rJorge A. Rojas. tDiscrecionalidad judicial en el código civil y comercial de la nación /rMario Masciotr. tEl juez y el conflicto en el paradigma código civil y comercial de la nación /rDamián Alejandro Mariani Reola. tEl proceso de determinación de la capacidad jurídica: “todos los cambios transitados y todos los cambios que sean necesarios” /rJulio César Macchi. tAbuso del proceso a diez años del código civil y comercial /rAna Clara Pauletti y María Valentina Ramírez Amable. tLímite a las costas procesales - el artículo 730 del código civil y comercial de la nación, una norma que demanda su reforma /rAgustín Gabriel Sanjiao. tLa carga de la prueba o la ruptura de los límites del razonamiento - el camino a la real valoración de la prueba /rJosé María Salgado. tLa tutela cautelar a diez años de la vigencia del código civil y comercial /rFederico D. Sedlacek. tLa función jurisdiccional preventiva y cautelar /rVíctor Trionfetti. tEmplazamiento y fundamentos de la pretensión anticautelar en el sistema jurídico argentino /rAmalia Fernández Balbis. tNormas procesales en el código civil y comercial de la nación - acción preventiva. prescripción liberatoria. cargas probatorias /rAlejandro Borda. tLa tutela preventiva de daños a diez años de la sanción del código civil y comercial de la nación: entre el precepto que surge de los artículos 1710 y siguientes, la jurisprudencia y la vía procesal idónea /rIgnacio Agustín Falke. tProtección de derechos personalísimos en contextos digitales: la importancia de la acción preventiva de daños del código civil y comercial de la nación /rSofía Benavidez. tArbitraje en el código civil y comercial: análisis crítico de los límites a la arbitrabilidad objetiva /rLeandro Giannini. tLa relación entre la acción civil y la penal - balance a 10 años de la sanción del código civil y comercial /r- por Federico Carestia. tLa habilidad ejecutiva del título rubricado con firma electrónica.rMartín Loporassi Yapur. tRégimen de expensas de clubes de campo /rCarlos Antonio Turina. tReformas del código civil y comercial de la nación al procedimiento sucesorio /rMartín Ponce. tLa cesión de derechos hereditarios a diez años de la sanción del código civil y comercial de la nación /rMaría Soledad Tagliani. 0aDERECHO PROCESAL 0aCODIGO CIVIL Y COMERCIAL aArazi, Rolandedirector aBerizonce, Roberto Omaredirector aFalcón, Enrique Manueledirector aPeyrano, Jorge Walteredirector